Continents Click Quiz - Survival Mode - Statistics

General Stats
  • This quiz has been taken 570 times
  • The average score is 14 of 30
Answers on the Map
Answers color-coded by a green-red scale on the quiz's map according to % correct below.
 
Answer Stats
Answer % Correct
Eiffel Tower
60%
Hiroshima
60%
Rio de Janeiro
60%
Sydney Opera House
60%
Andes
59%
Arizona
59%
Zanzibar
59%
Great Wall of China
58%
Quito
58%
Sahara
58%
Grand Canyon
57%
Nile River
57%
Statue of Liberty
57%
The Acropolis
57%
Colosseum
56%
Geneva
56%
Rocky Mountains
56%
Sistine Chapel
56%
Alps
55%
Big Ben
55%
Cook Islands
55%
Japan
55%
Lake Superior
55%
Mexico
55%
Nauru
55%
Yangtze River
55%
Forbidden City
54%
Mecca
54%
Niagara Falls
54%
Serengeti
54%
Utah
54%
Easter Island
53%
Everglades
53%
Lake Titicaca
53%
Teotihuacan
53%
Australia
52%
Bali
52%
Dead Sea
52%
Lake Tanganyika
52%
Stonehenge
52%
The Louvre
52%
Borneo
51%
The Seine
51%
Dubai
50%
Galapagos Islands
50%
Koutoubia
50%
Lake Ontario
50%
Lhasa
50%
Marrakesh
50%
Osaka
50%
Belgium
49%
Burj Khalifa
49%
Christ the Redeemer
49%
Luxor
49%
Machu Picchu
49%
Montevideo
49%
Mount Fuji
49%
Namib Desert
49%
Petra
49%
Timbuktu
49%
Uluru
49%
Auckland
48%
Chichen Itza
48%
Ganges River
48%
Great Barrier Reef
48%
Great Rift Valley
48%
Mount Vesuvius
48%
Ngorongoro Crater
48%
Perth
48%
Sumatra
48%
Tegucigalpa
48%
The Black Forest
48%
Bermuda Triangle
47%
Mount Everest
47%
Taj Mahal
47%
The Matterhorn
47%
Atacama Desert
46%
Fiji
46%
Kinshasa
46%
Melbourne
46%
Mount Cook (Aoraki)
46%
Silesia
46%
The Carpathians
46%
The Pyrenees
46%
Angkor Wat
45%
Banff National Park
45%
Congo Basin
45%
Guatemala
45%
Mombasa
45%
Mount Etna
45%
Varadero Beach
45%
Vatican City
45%
Angel Falls
44%
Aral Sea
44%
Sagrada Família
44%
Saskatchewan
44%
The Danube
44%
Amazon Basin
43%
Cliffs of Dover
43%
Gobi Desert
43%
Peru
43%
Port Moresby
43%
Reykjavik
43%
Addis Ababa
42%
Cape of Good Hope
42%
Denali
42%
Giza
42%
Patagonia
42%
Zambezi River
42%
Nuku'alofa
41%
Table Mountain
41%
Tasman Sea
41%
The Great Sphinx
41%
French Guiana
39%
Indus River
39%
Rotorua
39%
The Chunnel
39%
Whistler Ski Resort
38%
Great Bear Lake
37%
Ha'amonga 'a Maui
37%
Kilimanjaro
37%
Dome of the Rock
36%
Pago Pago
35%
Sardinia
35%
Atlas Mountains
34%
Iguazu Falls
33%
Kruger National Park
33%
Mount Aconcagua
32%
Kakadu National Park
17%
No matching quizzes found
Score Distribution
Percent of People with Each Score
Percentile by Number Answered
Your Score History
You have not taken this quiz